000 00701nam a22001937a 4500
999 _c169338
_d169338
005 20191115121106.0
010 _aUR-10589
020 _c210.00
_a9789388736855
035 _aU-9144
037 _bDBAD/PUB
_a-
082 _a840.08
100 _aصد يقی نظا م
245 _aنۓ عہد کی تخليقيت کا تيسر ا ا نقلا ب
_cصد يقی نظا م
246 _bNaye Ahad Ki Takhleeqyat Ka Teesra Inquilab (Urdu)
_aby Nizam Siddiqui
260 _aDelhi
_bEducational Publishing House
_c2019 ء
270 _a3191,Vakil Street, Kucha Pandit,Lal Kuan,
_bDelhi
_e110006
_k01123216162
_l-
300 _a348ص
_c22 Cm(Hb)
942 _2ddc
_cUR
_h841.08
_mص د ی